[Event "Florianopolis op 11th"]
[Site "Florianopolis"]
[Date "2025.01.25"]
[Round "9"]
[White "Ribeiro, Erica de Jesus"]
[Black "Ribas, Bernardo Sanson"]
[Result "1-0"]
[WhiteElo "1657"]
[BlackElo "1777"]
[PlyCount "81"]
[EventDate "2025.01.18"]
[EventType "swiss"]
[EventRounds "10"]
[EventCountry "BRA"]
[SourceTitle "CB05_2025"]
[SourceDate "2025.01.29"]
[SourceVersion "1"]
[SourceVersionDate "2025.01.29"]
[SourceQuality "1"]

1. d4 Nf6 2. Nc3 g6 3. e4 d6 4. Nf3 Bg7 5. Bf4 0-0 6. Qd2 b6 7. Bh6 Bb7 8. Bd3 Re8 9. Bxg7 Kxg7 10. 0-0-0 a5 11. e5 Nfd7 12. exd6 cxd6 13. Be4 Bxe4 14. Nxe4 Nc6 15. a3 Qc7 16. Qf4 e5 17. dxe5 dxe5 18. Qd2 Nf6 19. Nxf6 Kxf6 20. Qd6+ Qxd6 21. Rxd6+ Re6 22. Rhd1 Rc8 23. Rxe6+ fxe6 24. Rd7 h6 25. Rb7 Rb8 26. Rxb8 Nxb8 27. Kd2 Kf5 28. Kc3 Na6 29. Kc4 Nc7 30. a4 Nd5 31. Kb5 g5 32. c4 Nf4 33. Kxb6 Nd3 34. c5 Nxb2 35. Kxa5 Nd3 36. c6 e4 37. Ng1 Ne5 38. c7 Nc6+ 39. Kb6 Ne7 40. Kb7 Kf4 41. a5 1-0

[Event "Florianopolis op 11th"]
[Site "Florianopolis"]
[Date "2025.01.24"]
[Round "8"]
[White "Ribas, Bernardo Sanson"]
[Black "Theilacker, Lucas de Mira"]
[Result "1/2-1/2"]
[WhiteElo "1777"]
[BlackElo "1663"]
[PlyCount "102"]
[EventDate "2025.01.18"]
[EventType "swiss"]
[EventRounds "10"]
[EventCountry "BRA"]
[SourceTitle "CB05_2025"]
[SourceDate "2025.01.29"]
[SourceVersion "1"]
[SourceVersionDate "2025.01.29"]
[SourceQuality "1"]

1. e4 e6 2. d4 d5 3. e5 c5 4. c3 Nc6 5. Nf3 Qb6 6. Bd3 cxd4 7. cxd4 Bd7 8. Be2 Nge7 9. b3 Nf5 10. Bb2 Bb4+ 11. Bc3 Nfxd4 12. Nxd4 Qxd4 13. Qxd4 Nxd4 14. Bxb4 Nc2+ 15. Kd2 Nxb4 16. a3 Nc6 17. f4 Nd4 18. Bd1 Ke7 19. Nc3 Rac8 20. Ne2 Nxe2 21. Bxe2 Rc7 22. Rhc1 Rhc8 23. Rxc7 Rxc7 24. Rc1 Rxc1 25. Kxc1 f6 26. Kd2 fxe5 27. fxe5 Kf7 28. Bd3 h6 29. Ke3 a6 30. a4 a5 31. h4 g5 32. h5 Ke7 33. g4 Kd8 34. Kd4 Kc7 35. Kc5 b6+ 36. Kd4 b5 37. Bc2 Kb6 38. Bd1 bxa4 39. bxa4 Bc8 40. Be2 Bb7 41. Bd3 Bc6 42. Bc2 Bd7 43. Bd1 Bc8 44. Be2 Bb7 45. Bd3 Ba8 46. Bc2 Bb7 47. Bd3 Ba6 48. Bxa6 Kxa6 49. Kc5 d4 50. Kxd4 Kb6 51. Kc4 Kc6 1/2-1/2

[Event "Florianopolis op 11th"]
[Site "Florianopolis"]
[Date "2025.01.20"]
[Round "4"]
[White "Ribas, Bernardo Sanson"]
[Black "Arosteguy, Vitor Augusto Colac"]
[Result "0-1"]
[WhiteElo "1777"]
[BlackElo "1613"]
[PlyCount "110"]
[EventDate "2025.01.18"]
[EventType "swiss"]
[EventRounds "10"]
[EventCountry "BRA"]
[SourceTitle "CB05_2025"]
[SourceDate "2025.01.29"]
[SourceVersion "1"]
[SourceVersionDate "2025.01.29"]
[SourceQuality "1"]

1. e4 b6 2. Bc4 Bb7 3. d3 e6 4. Nc3 Bb4 5. Bd2 Ne7 6. a3 Bxc3 7. Bxc3 0-0 8. Qg4 Ng6 9. 0-0-0 d5 10. Bb3 d4 11. Bd2 Nd7 12. f4 Qh4 13. Qg3 Qxg3 14. hxg3 c5 15. Nf3 Nf6 16. Rh3 Rfe8 17. Rdh1 h6 18. Nh4 Ne7 19. f5 exf5 20. Nxf5 Nxf5 21. exf5 Bxg2 22. R3h2 Bxh1 23. Rxh1 Re5 24. Rf1 Ng4 25. Rf4 Ne3 26. f6 g5 27. Rf3 Rf5 28. Rxf5 Nxf5 29. g4 Ne3 30. Bxe3 dxe3 31. Kd1 Rd8 32. Ke2 Rd6 33. Kxe3 Rxf6 34. Ba4 Rf4 35. Bd7 Kg7 36. c3 Kf6 37. d4 cxd4+ 38. cxd4 h5 39. gxh5 Rh4 40. d5 Ke5 41. Be8 Kxd5 42. Bxf7+ Ke5 43. Bg6 Rh3+ 44. Kf2 Kf4 45. Kg2 g4 46. a4 a6 47. Be8 Rh4 48. b4 a5 49. bxa5 bxa5 50. Bg6 g3 51. Be8 Rh2+ 52. Kg1 Rd2 53. Bc6 Kg4 54. h6 Rh2 55. Bd7+ Kf4 0-1